Why is a Pig's Nose Flat? (Record no. 9275)

MARC details
000 -LEADER
fixed length control field 00579nam a22001817a 4500
003 - CONTROL NUMBER IDENTIFIER
control field OSt
005 - DATE AND TIME OF LATEST TRANSACTION
control field 20260325062107.0
008 - FIXED-LENGTH DATA ELEMENTS--GENERAL INFORMATION
fixed length control field 260325b |||||||| |||| 00| 0 eng d
020 ## - INTERNATIONAL STANDARD BOOK NUMBER
International Standard Book Number 9789710492305
040 ## - CATALOGING SOURCE
Original cataloging agency DWCL GS lib
Transcribing agency OC
082 ## - DEWEY DECIMAL CLASSIFICATION NUMBER
Edition number [First edition]
Classification number PB 398.2 Or65 2017
100 ## - MAIN ENTRY--PERSONAL NAME
Personal name Ordinario, Mary Ann
245 ## - TITLE STATEMENT
Title Why is a Pig's Nose Flat?
Statement of responsibility, etc. Mary Ann Ordinario
260 ## - PUBLICATION, DISTRIBUTION, ETC.
Place of publication, distribution, etc. [Place of Publication not Identified]
Name of publisher, distributor, etc. ABC Educational Development Center
Date of publication, distribution, etc. c2017.
300 ## - PHYSICAL DESCRIPTION
Extent i, 31 pages:
Other physical details illustrations
Dimensions 28cm.
546 ## - LANGUAGE NOTE
Language note English
942 ## - ADDED ENTRY ELEMENTS (KOHA)
Source of classification or shelving scheme Dewey Decimal Classification
Koha item type Book- Reserved
Classification part PB
Suppress in OPAC No
952 ## - LOCATION AND ITEM INFORMATION (KOHA)
--
Holdings
Withdrawn status Lost status Source of classification or shelving scheme Damaged status Not for loan Home library Current library Date acquired Source of acquisition Cost, normal purchase price Total Checkouts Full call number Barcode Date last seen Copy number Price effective from Koha item type Uniform Resource Identifier
    Dewey Decimal Classification     Grade School Library Grade School Library 02/18/2026 School Fund, Donation 250.00   PB 398.2 Or65 2017 23980 03/25/2026 c1 03/25/2026 BK-0 CIRC